00553nam a2200145Ia 4500008004100000100002200041245009500063245004500158260000900203300003700212440004900249650001800298999001900316952007200335171207s9999 xx 000 0 und d aBrandon, Karen E. a A Kinetic Sculpture Intervention for Individuals Grieving the Deaths of Family Members  cKären E. Brandon & Rebecca M. Goldberg c2017 apages 99-114, January-March 2017 aJournal of Creativity in Mental Healthv12:1 aMENTAL HEALTH c347499d347499 001040aCLbCLd2017-12-07l0r2017-12-07 00:00:00w2017-12-07ySE